000 00636nam a2200205 i 4500
001 188093
003 SpMaBN
005 20230906223118.0
008 180427s1981 sp a |||| | spa d
020 _a84-85337-51-4
080 _a860-32"19"
100 1 _aOrejas, Francisco G.
_9164710
245 1 3 _aEl asesinato de Clarín y otras ficciones /
_cFrancisco G. Orejas ; prólogo de Cándido.
260 _aMadrid :
_bPenthalón,
_c[1981]
300 _a191 p. :
_bil. ;
_c19 cm.
490 1 _aLa banda de Gargantúa ;
_v4
830 0 _aLa banda de Gargantúa ;
_v4
_9225639
852 _aES-MaACL
_jL-31984
999 _c188093
_d188093